|
|
|
|
| LEADER |
00000nab a2200000 a 4500 |
| 001 |
vtls000190300 |
| 003 |
SK-MaSNL |
| 005 |
20260303184852.0 |
| 008 |
140301c1984 xo 0 slo |
| 015 |
|
|
|a SNBRB19rr/mm-uuuuu
|
| 035 |
|
|
|a CL0200413
|
| 040 |
|
|
|a SNKBUCL
|b slo
|c SNKBUCL
|e AACR2
|
| 041 |
0 |
|
|a slo
|
| 044 |
|
|
|a xo
|c SK
|
| 080 |
|
|
|a 329.78(437)PO SZM:37.035.4
|2 1981
|
| 080 |
|
|
|a 37.035.4
|2 1981
|
| 100 |
1 |
|
|a Tóthová, Marta
|4 aut
|9 315090
|
| 245 |
1 |
0 |
|a V mene úcty
|b Pionierska symbolika v ideovo-politickej výchove pionierov
|c Marta Tóthová
|
| 300 |
|
|
|b Obr. 1.
|
| 650 |
0 |
7 |
|a pionierska organizácia
|2 snkbucl
|9 53180
|
| 650 |
0 |
7 |
|a výchova ideovo-politická
|2 snkbucl
|9 924372
|
| 655 |
|
7 |
|a články z novín a časopisov
|2 snkbucl
|9 267496
|
| 773 |
0 |
|
|t Učiteľské noviny
|g Roč. 34, č. 27 (1984), s. 5
|
| 850 |
|
|
|a Slovenská národná knižnica v Martine
|a MTA001
|
| 852 |
|
|
|a SNK
|b KIS3GCP
|
| 958 |
|
|
|a RK
|
| 992 |
|
|
|a RBX
|
| 999 |
|
|
|c 2128583
|d 2130513
|